000 00708nam a2200241 i 4500
001 3714303
003 ARRUPE
005 20161129123114.0
008 800117s1979 nyua 001 0 eng
010 _a 79650600
020 _a0806970286 :
_c$9.95
020 _a0806970294 (lib. bdg.) :
_c$9.29
040 _aDLC
_cDLC
_dDLC
050 0 0 _aPN2071.G4S84
082 0 0 _a792.3/028
100 1 _aStolzenberg, Mark.
_927735
245 1 0 _aExploring mime /
_cby Mark Stolzenberg ; photos. by Jim Moore.
260 _aNew York
_bSterling Pub. Co.,
_cc1979.
300 _a128 p.;
_bill. ;
_c27 cm.
650 0 _aMime.
_927736
906 _a7
_bcbc
_corignew
_d2
_encip
_f19
_gy-gencatlg
942 _2lcc
_cMONOGRAPH
999 _c125821
_d125821